|
|
|
|
| LEADER |
00000nam0a2200000 4500 |
| 001 |
249417 |
| 005 |
20231101232454.0 |
| 020 |
|
|
|a RU
|b 89-816
|
| 035 |
|
|
|a (RuTPU)RU\TPU\book\271502
|
| 090 |
|
|
|a 249417
|
| 100 |
|
|
|a 20140205d1988 k y0rusy5003 ca
|
| 101 |
0 |
|
|a rus
|
| 102 |
|
|
|a RU
|
| 105 |
|
|
|a a z 001zy
|
| 200 |
1 |
|
|a Геология нефтяных и газовых месторождений, их поиски и разведка
|e межвузовский сборник научных трудов
|f Пермский политехнический институт (ППИ) ; отв. ред. И. В. Пахомов
|
| 210 |
|
|
|a Пермь
|c ППИ
|d 1988
|
| 215 |
|
|
|a 152 с.
|c ил.
|d 20 см
|
| 320 |
|
|
|a Библиогр. в конце статей
|
| 606 |
1 |
|
|a Нефтегазовые месторождения
|x Поиски и разведка
|2 stltpush
|3 (RuTPU)RU\TPU\subj\69452
|9 84303
|
| 610 |
1 |
|
|a геология
|
| 610 |
1 |
|
|a нефтяные месторождения
|
| 610 |
0 |
|
|a газовые месторождения
|
| 610 |
1 |
|
|a Уральский регион
|
| 610 |
1 |
|
|a Западная Сибирь
|
| 610 |
1 |
|
|a Предкавказье
|
| 610 |
1 |
|
|a геологическое строение
|
| 675 |
|
|
|a 553.98:550.8.003.13
|z rus
|
| 686 |
|
|
|a 38.53
|2 rugasnti
|
| 702 |
|
1 |
|a Пахомов
|b И. В.
|g Илья Васильевич
|4 340
|
| 712 |
0 |
2 |
|a Пермский политехнический институт (ППИ)
|c (1960-1992)
|2 stltpush
|3 (RuTPU)RU\TPU\col\7911
|
| 801 |
|
0 |
|a RU
|b RuMRKP
|c 19950417
|g psbo
|
| 801 |
|
1 |
|a RU
|b 63413507
|c 20140205
|
| 801 |
|
2 |
|a RU
|b 63413507
|c 20140211
|g RCR
|
| 942 |
|
|
|c BK
|